Atoms and molecules (Record no. 3903)

MARC details
000 -LEADER
fixed length control field 00555nam a2200205Ia 4500
003 - CONTROL NUMBER IDENTIFIER
control field IN-BaIIA
008 - FIXED-LENGTH DATA ELEMENTS--GENERAL INFORMATION
fixed length control field 211028s9999 xx 000 0 eng d
020 ## - INTERNATIONAL STANDARD BOOK NUMBER
International Standard Book Number 8053-5218-X
040 ## - CATALOGING SOURCE
Transcribing agency IIA Library
080 ## - UNIVERSAL DECIMAL CLASSIFICATION NUMBER
Universal Decimal Classification number 539.18
Item number KAR
100 ## - MAIN ENTRY--PERSONAL NAME
Personal name Karplus, Martin
9 (RLIN) 6952
245 #0 - TITLE STATEMENT
Title Atoms and molecules
Statement of responsibility, etc. Martin Karplus and R. N. Porter
260 ## - PUBLICATION, DISTRIBUTION, ETC.
Place of publication, distribution, etc. New York
Name of publisher, distributor, etc. W. A. Benjamin
Date of publication, distribution, etc. 1970
300 ## - PHYSICAL DESCRIPTION
Extent xiv, 620p.
650 ## - SUBJECT ADDED ENTRY--TOPICAL TERM
Topical term or geographic name entry element Atomic physics
9 (RLIN) 1547
650 ## - SUBJECT ADDED ENTRY--TOPICAL TERM
Topical term or geographic name entry element Molecular physics
9 (RLIN) 1914
650 ## - SUBJECT ADDED ENTRY--TOPICAL TERM
Topical term or geographic name entry element NASA thesaurus
700 ## - ADDED ENTRY--PERSONAL NAME
Personal name Porter, R. N.
9 (RLIN) 6953
942 ## - ADDED ENTRY ELEMENTS (KOHA)
Koha item type Books
Holdings
Withdrawn status Lost status Damaged status Not for loan Home library Current library Shelving location Date acquired Cost, normal purchase price Total Checkouts Full call number Barcode Date last seen Cost, replacement price Price effective from Koha item type Purchase Price
        IIA Library-Bangalore IIA Library-Bangalore General Stacks 02/05/1972 53.67   539.18/ KAR 4359 05/11/2021 53.67 02/05/1972 Books Rs. 53.67

Powered by Koha